[Event "Stay Safe Play From Home 299"]
[Site "Emanuel Lasker Arena"]
[Date "2020.07.13"]
[Round "4"]
[White "Mepe_Nika"]
[Black "Weltszmerc"]
[Result "1-0"]
[WhiteElo "2393"]
[BlackElo "2185"]
[Annotator "TA"]
[PlyCount "63"]
[EventDate "2020.07.13"]
[EventType "swiss (blitz)"]

{[%evp 9,63,0,4,-27,0,-13,-11,-28,-12,-37,15,-24,34,-3,110,31,37,17,99,55,143,-7,-20,-8,0,0,22,23,16,0,15,3,35,0,19,18,46,17,29,-13,0,0,76,6,164,171,166,117,29965,1227,1074,447,479,422,384,68]} 1. g3 Nf6 2. Bg2 d5 3. d3 c6 4. Nc3 Bf5 5. h3 {[#]} e6 $146 ({Predecessor:} 5... h6 6. Nf3 e6 7. O-O Bd6 8. Re1 Nbd7 9. e4 dxe4 10. dxe4 Bg6 11. Qxd6 {1-0 (11) Neumann,F-Boron,A (1906) ICC INT 2009}) 6. f4 {A00: Irregular Openings.} Bc5 7. e3 a5 8. Nf3 {The position is equal.} a4 9. Ne5 Qb6 (9... h6 $15) 10. Qe2 a3 ({Black should play} 10... h6 $11) 11. b3 d4 (11... h6 $11 {keeps the balance.}) 12. Nd1 (12. Na4 $1 $16 {[%cal Ra4b6]} Bb4+ 13. Kf2) 12... dxe3 $14 13. Bxe3 {And now Nc4 would win.} Nbd7 (13... O-O $11) 14. g4 Bg6 ({Black should try} 14... Bxe3 $14 15. Qxe3 Bg6) 15. Nxg6 (15. Nc4 $16 Qa7 16. Bxc5 Qxc5 17. f5) 15... hxg6 16. c3 Nd5 {[%cal Rd5e3]} 17. d4 Nxe3 18. Nxe3 Bd6 19. O-O Qc7 20. Qf3 O-O 21. Nc4 Be7 22. Rae1 Nb6 23. Ne5 Nd5 24. f5 {Strongly threatening c4.} gxf5 25. gxf5 Bh4 {[#]} (25... exf5 $11 {remains equal.} 26. Qxf5 Nxc3) 26. Re4 (26. fxe6 $1 $16 {[%mdl 512]} Bxe1 (26... fxe6 27. Qg4) 27. exf7+ Rxf7 28. Nxf7) 26... Bg5 $2 (26... Bf6 $11 {and Black has nothing to worry.}) 27. Qh5 $1 $36 {[%mdl 2048] Threatens to win with fxe6. White is on the roll.} f6 {...exf5 is the strong threat.} 28. fxe6 {Black must now prevent Rh4!} Ne3 $2 {[%mdl 8192] [#]} (28... fxe5 $16 29. Qxg5 exd4) 29. Ng6 (29. Rh4 $142 $1 {[%mdl 512]} Bh6 {[#]} (29... Bxh4 30. Ng6) 30. Qg6 $1 {[%mdl 512]} Kh8 31. Nf7+ Qxf7 32. exf7 Rxf7 33. Qxf7 f5 34. Rf3) 29... Bh6 30. Rxe3 (30. Nxf8 $142 Nxf1 31. Nd7) 30... Bxe3+ 31. Kh1 {[%csl Gg6][%cal Rh5h8]} Bh6 32. e7 $2 {Accuracy: White = 34%, Black = 45%.} ({Don't take} 32. Nxf8 Kxf8 33. c4 Re8 $18) (32. d5 $18) 1-0

[Event "Stay Safe Play From Home 299"]
[Site "Emanuel Lasker Arena"]
[Date "2020.07.13"]
[Round "4"]
[White "AChessPlayer"]
[Black "Broken sword"]
[Result "1/2-1/2"]
[WhiteElo "2361"]
[BlackElo "2427"]
[Annotator "TA"]
[PlyCount "131"]
[EventDate "2020.07.13"]
[EventType "swiss (blitz)"]

{[%evp 9,131,16,12,0,-10,-6,71,35,72,71,69,72,116,108,156,150,164,132,177,113,106,102,104,99,191,59,111,45,37,45,32,-23,103,12,88,-2,0,-8,-8,-6,39,-3,50,-35,0,-108,-101,-106,-105,-106,-102,-111,-99,-118,-110,-124,-117,-117,-116,-120,-106,-117,-116,-123,-116,-137,-116,-110,-99,-127,-119,-129,-124,-268,-266,-258,-267,-379,-213,-243,-183,-183,-175,-179,-171,-172,-152,-153,-20,-212,-28,-1874,-1798,-1572,-256,-256,-256,-256,-314,-8377,-8320,-8377,-7371,-7253,-5825,-5684,-30,-52,-52,-52,-52,-52,-52,-52,-52,-52,-52,-52,0,-52,-52,-1120,0,-52]} 1. d4 d5 2. Bf4 c5 3. c3 Nc6 4. e3 Qb6 5. Qb3 Nf6 6. dxc5 {D00: 1 d4 d5: Unusual lines.} Qxc5 7. Nf3 Qb6 (7... e6 $11 {remains equal.}) 8. Nbd2 {White is better.} (8. Na3 $5 {[%cal Ra3b5]} Qxb3 9. axb3 $14) 8... Qxb3 9. axb3 {[#]} a6 $146 ({Predecessor:} 9... Nh5 10. Bg3 Nxg3 11. hxg3 e5 12. Bb5 f6 13. e4 dxe4 14. Nxe4 Bf5 15. Ned2 Bc5 {0-1 (38) Aguilar Samper,V (1837)-Perez,D (2133) San Luis 2019}) 10. b4 {[%cal Bb3b4,Bb4b5][%mdl 32]} Nh5 11. Bc7 Bd7 12. b5 Nb8 13. b4 e6 14. Bxb8 (14. g4 $18 Nf6 15. g5) 14... Rxb8 $16 15. bxa6 bxa6 16. Rxa6 Be7 (16... g6 $16 {might work better.}) 17. Nd4 (17. g4 $1 $18) 17... O-O (17... Nf6 $14) 18. Be2 (18. N2f3 $1 $16) 18... Nf6 $14 19. O-O Rfc8 20. Rc1 (20. Ra3 $14) 20... Ne8 (20... Rxb4 $11 {keeps the balance.} 21. N2f3 Be8) 21. b5 (21. Ra7 $16) 21... Nd6 (21... Bc5 $11) 22. Nc6 (22. Ra7 $16 Rb7 23. b6 $1 {[%mdl 512]}) 22... Bxc6 $1 $11 23. bxc6 Rb2 24. Rd1 Bf6 25. Bf1 (25. c4 $5 {[%cal Rc4d5]}) 25... g6 ({Black should try} 25... Bxc3 $11 26. Nf3 g6) 26. Nf3 (26. c4 $14) 26... Bxc3 27. Nd4 (27. Rc1 $11 Ne4 28. h3) 27... Bxd4 $17 28. Rxd4 Rc2 29. c7 Ne8 30. Ra3 R2xc7 31. Rd1 Nd6 32. Rad3 Ne4 33. f3 Nc5 34. R3d2 Nd7 35. Re1 Nf6 36. Rf2 Rc2 37. h4 Rxf2 38. Kxf2 {[%mdl 4096] Endgame KRB-KRN} Rc2+ 39. Kg3 Rb2 40. Kh3 h5 41. g4 (41. Kg3 $17 {is a better defense.}) 41... hxg4+ $19 42. fxg4 Kg7 43. Bg2 {[#]} (43. Be2 {was necessary.}) 43... Rb3 (43... Nxg4 $142 $1 {[%mdl 512] And now ...Ne5 would win.} 44. Kxg4 Rxg2+ 45. Kf3 Rc2) 44. g5 Nh5 45. Kg4 f5+ 46. gxf6+ Nxf6+ 47. Kf4 Rb4+ 48. Ke5 Rxh4 ({Black should play} 48... Rb6 $1 $17 49. Kf4 Nd7) 49. Kd6 $2 (49. Kxe6 $11 d4 50. exd4) 49... Rg4 $2 (49... Rh2 $19 50. Bf3 Rf2) 50. Kxe6 $2 {[%mdl 8192]} (50. Bh3 $11 Rh4 51. Bxe6) 50... Rxg2 $11 {KRN-KR} 51. Rf1 Rg5 $2 (51... Rg3 52. Ke5 Rxe3+ 53. Kd4 Re4+ 54. Kc5 g5) 52. Rxf6 $19 {KR-KR} Rg3 $1 {[%cal Rg3e3]} 53. Rf7+ {[#]} Kh6 $1 54. Rf8 $2 (54. Ke5 Rxe3+ 55. Kxd5) 54... Rxe3+ 55. Kxd5 Re1 56. Kd4 Kg5 57. Rh8 Re7 $2 (57... Kg4 $19 58. Rh6 g5) 58. Kd3 Kg4 59. Rh1 $1 g5 {...Kf3 is the strong threat.} 60. Rg1+ $1 Kf5 {Strongly threatening ...g4.} 61. Rf1+ Kg6 {White must now prevent ...g4.} 62. Rg1 Kh6 63. Rh1+ Kg6 64. Rg1 Re8 65. Kd2 $2 {[%mdl 8192] [#]} (65. Kd4 $15) 65... Re7 $2 (65... Re5 $1 $19 {Hoping for ...Kf5.} 66. Kd3 Kf5) 66. Kd3 {Both players deserved the win here. Accuracy: White = 47%, Black = 56%.} 1/2-1/2

[Event "Stay Safe Play From Home 299"]
[Site "Emanuel Lasker Arena"]
[Date "2020.07.13"]
[Round "4"]
[White "Lamborghini"]
[Black "Haxhi Baha"]
[Result "1-0"]
[WhiteElo "2165"]
[BlackElo "2026"]
[Annotator "TA"]
[PlyCount "61"]
[EventDate "2020.07.13"]
[EventType "swiss (blitz)"]

{[%evp 11,61,0,4,-18,29,10,14,1,77,39,36,32,81,56,84,87,75,58,60,51,194,181,263,195,185,164,153,178,200,116,115,124,242,244,247,-11,-12,-156,0,0,172,156,6291,6291,5493,5369,6279,6279,29978,29981,29981,29982]} 1. e4 e6 2. d4 d5 3. Nc3 Nf6 4. Bg5 Be7 5. exd5 Nxd5 6. Bxe7 Qxe7 7. Nf3 {C14: French: Classical System: 4 Bg5 Be7 main line.} c6 8. Qd2 {[#]} O-O $146 ({Predecessor:} 8... Nd7 9. O-O-O N7f6 10. Nxd5 cxd5 11. Qg5 O-O 12. Ne5 Qc7 13. Bd3 b5 14. Rhe1 Ne4 {0-1 (25) Shivam,V (1680)-Athul,K (2158) Bengaluru 2015}) 9. O-O-O {The position is equal.} h6 (9... Nxc3 $11 {keeps the balance.} 10. Qxc3 (10. bxc3 Nd7 $11) 10... b6) 10. Ne4 Nd7 11. g4 b5 12. g5 h5 13. Rg1 g6 14. Ne5 Nxe5 $1 15. dxe5 c5 (15... b4 $14) 16. Bxb5 $18 Rb8 (16... Bb7 $142 17. f4 Rfd8) 17. Bc4 Bb7 18. Bxd5 Bxd5 19. Nf6+ Kg7 20. Nxd5 (20. Qf4 $18) 20... exd5 $16 21. Qxd5 Rfe8 (21... Rbd8 $16 {was necessary.} 22. Qe4 Rxd1+ 23. Rxd1 Qxg5+ 24. f4 Qh4) 22. f4 $18 Rb4 23. c3 $2 (23. c4 $18) 23... Rxf4 $11 24. Rdf1 (24. Rde1 $11) 24... Rxf1+ $2 ({Better is} 24... Rd8 $17 {And now ...Rxf1+ would win.} 25. Qg2 Rg4) 25. Rxf1 Qxe5 $2 (25... Qxg5+ $11 {and Black has nothing to worry.} 26. Kc2 Re6) 26. Rxf7+ $17 {KQR-KQR} Kh8 $2 {[#]} (26... Kg8 $16 27. Qxe5 Rxe5 28. Rxa7 Re1+ 29. Kc2 (29. Kd2 Rh1 $16) 29... Rh1) 27. Rf8+ $1 $18 {[%mdl 576] Deflection} Rxf8 28. Qxe5+ Kh7 29. Qxc5 Rf5 {[#]} 30. Qxf5 $3 gxf5 31. h4 {Accuracy: White = 50%, Black = 32%.} 1-0

[Event "Stay Safe Play From Home 299"]
[Site "Emanuel Lasker Arena"]
[Date "2020.07.13"]
[Round "4"]
[White "SoulofWolf"]
[Black "Chase the sun"]
[Result "1-0"]
[WhiteElo "2164"]
[BlackElo "1786"]
[Annotator "TA"]
[PlyCount "147"]
[EventDate "2020.07.13"]
[EventType "swiss (blitz)"]

{[%evp 9,146,-41,-41,-39,-61,-55,-31,-91,-83,-94,-89,-93,-104,-96,-63,-74,-81,-74,0,-11,86,79,91,64,56,41,79,47,45,48,60,45,61,62,64,52,73,6,63,0,127,127,125,124,130,108,131,131,151,122,141,120,118,79,264,175,269,244,280,260,254,260,346,345,436,410,404,355,363,358,29986,29987,29987,29988,29989,29989,29990,29991,29991,29990,29989,29990,29990,29990,29990,29985,29989,29986,29986,29985,29990,29989,29990,29991,29991,29992,29993,29991,29993,29994,29995,29994,29994,29994,29994,29994,29995,29995,29995,29995,29995,29996,29997,29997,29997,29998,29998,29997,29997,29997,29997,29997,29998,29997,29998,29997,29998,29997,29998,29997,29998,29997,29998,29998,29998,29999,29999,29999,29999]} 1. e4 e6 2. Nc3 d5 3. f4 dxe4 4. Nxe4 Nf6 5. Ng3 Be7 {[#]} 6. d3 $146 {C00: French: Unusual White 2nd moves.} ({Predecessor:} 6. d4 c5 7. Nf3 Nc6 8. Be3 cxd4 9. Nxd4 Bd7 10. Nb5 O-O 11. Nd6 b6 12. Be2 {0-1 (63) Merettig,G (1880)-Potschka,D (1791) Buesum 2015}) 6... O-O 7. Nf3 b6 8. h3 (8. Be2 $15) 8... Bb7 9. Be2 c5 10. O-O Nc6 11. Be3 Nd4 12. Nxd4 cxd4 13. Bf2 Bd6 (13... Rc8 $17) 14. Bf3 Qc7 (14... Bd5 $11 {remains equal.}) 15. Bxb7 $16 Qxb7 16. Ne2 Rad8 17. Qd2 a6 18. Nxd4 Qc7 19. Ne2 Nd5 {[%cal Rd5f4]} 20. Bg3 Rc8 21. c3 b5 22. Rac1 f6 23. Nd4 (23. Kh1 $16) 23... Rfe8 ({Better is} 23... Bc5 $1 $11) 24. Rce1 (24. Rf3 $14) 24... e5 (24... Bc5 $11 {keeps the balance.}) 25. fxe5 Bxe5 26. Bxe5 Rxe5 27. Nf3 Rxe1 28. Rxe1 Rf8 29. Qe2 Nf4 30. Qe3 g5 31. Nd4 {And now g3 would win.} Rf7 $2 {[#] Black cannot hold the game after this.} (31... Qb7 $16 32. Qd2 b4) 32. Ne6 Qd6 (32... Nxe6 {was called for.} 33. Qxe6 Kg7) 33. Nxf4 $18 gxf4 {[%mdl 4096] Endgame KQR-KQR} 34. Qe8+ Kg7 35. Qe4 f3 36. Qxf3 Rd7 37. Qg4+ Kf7 38. d4 Qd5 39. Qe2 Qg5 $2 {[#]} (39... Kg7 $18 40. Qg4+ Kf7) 40. Qe8+ {White mates.} Kg7 41. Qxd7+ Kh6 42. Qg4 Qxg4 43. hxg4 {KR-KP} Kg5 44. Re4 f5 45. gxf5 Kxf5 {KR-K3P} 46. Re7 h5 47. Ra7 h4 48. Rxa6 {KR-KPP} Ke4 49. Ra5 Kd3 50. Rxb5 {KR-KP} Kc2 51. d5 Kb1 52. d6 Ka1 53. Rh5 Kb1 54. d7 Ka1 55. c4 Kb1 56. c5 Ka1 57. c6 Kb1 58. c7 Ka1 59. Kh2 Kb1 60. c8=Q Ka1 61. d8=Q Kb1 62. Kh3 Ka1 63. Kg4 Kb1 64. Rc5 Ka1 65. b4 Kb1 66. a4 Ka1 67. b5 Kb1 68. a5 Ka1 69. b6 Kb1 70. a6 Ka1 71. b7 Kb1 72. b8=Q+ Ka1 73. a7 {[%cal Ra7a8]} Ka2 74. a8=Q# {Accuracy: White = 69%, Black = 49%.} 1-0

[Event "Stay Safe Play From Home 299"]
[Site "Emanuel Lasker Arena"]
[Date "2020.07.13"]
[Round "4"]
[White "Cirovicz"]
[Black "Lazieri3"]
[Result "0-1"]
[WhiteElo "1965"]
[BlackElo "2066"]
[Annotator "TA"]
[PlyCount "88"]
[EventDate "2020.07.13"]
[EventType "swiss (blitz)"]

{[%evp 9,87,-96,-79,-86,-25,-91,-97,-202,-44,-44,-33,-54,-46,-57,-57,-55,-54,-58,0,-7,-5,-46,-45,-42,-39,-39,-39,-47,-51,-45,-43,-37,0,-6,-6,-6,0,-8,-12,-51,-51,-51,-50,-80,-51,-51,-51,-51,-51,-51,-51,-51,-51,-51,-51,-60,-60,-60,29987,-29990,-29991,-29992,-29993,-29993,-29994,-29995,-29995,-29995,-29995,-29995,-29996,-29996,-29997,-29997,-29997,-29997,-29998,-29999,-29999,-29999]} 1. e4 c6 2. f3 d5 3. exd5 cxd5 4. d4 Nc6 5. c4 Nf6 6. Nc3 {[#] B10: Caro-Kann: 2 d3 and 2 c4.} Bf5 $146 (6... dxc4 $17 7. d5 Na5) ({Predecessor:} 6... e6 7. c5 Be7 8. Bb5 Bd7 9. Nge2 O-O 10. O-O a6 11. Bxc6 Bxc6 12. b4 b6 13. Be3 Nd7 {½-½ (29) Wood,B (1433)-Matuszewski,M (1533) IECC email 2009}) 7. cxd5 (7. g4 $11 {keeps the balance.} Bg6 8. g5) 7... Nxd5 $17 8. Bc4 {[#]} (8. a3 $17 {was necessary.}) 8... Nxc3 $2 ({Black should play} 8... Ndb4 $1 $19 {Strongly threatening ...Nc2+.} 9. Kf2 Nc2) 9. bxc3 $15 {next Qb3 is good for White.} e6 10. Ne2 Bd6 11. Ng3 Bg6 12. O-O Qc7 13. Bb3 Bxg3 (13... Na5 $15) 14. hxg3 $11 Qxg3 15. Be3 (15. d5 $5 {[%cal Rd5c6]} O-O-O 16. c4 $11) 15... O-O 16. Bf2 Qd6 (16... Qc7 {is interesting.} 17. Qe2 Na5 18. Rac1 Qd6 19. c4 Nxb3 20. axb3 Qb4) 17. Qe2 Rfd8 18. Rfd1 Na5 19. c4 Nxb3 20. axb3 b6 21. d5 exd5 22. Rxd5 Qf6 23. Rxd8+ Qxd8 24. c5 bxc5 25. Bxc5 a5 26. b4 axb4 (26... a4 {keeps more tension.} 27. Qb2 Bd3 28. Rd1 a3 29. Qa2 g6) 27. Rxa8 Qxa8 28. Bxb4 h6 (28... f6 {with more complications.} 29. Qc4+ Bf7 30. Qc5 h5 31. Kh2 Kh7) 29. Qe7 Qa1+ 30. Be1 Qd4+ 31. Kh1 Kh7 32. g4 Qd3 33. Kg2 Qe2+ $2 {[%mdl 8192] [#]} (33... f5 $15 34. gxf5 Bxf5) 34. Bf2 $4 {[%mdl 8192]} (34. Qxe2 {is the narrow road to win.} Kh8 35. Bc3 f6 36. Qe6 Kh7 37. Bb4 h5 38. Bf8 hxg4 39. f4) 34... Qxe7 {Black mates.} 35. f4 f5 36. gxf5 Bxf5 37. Kg3 Qe4 38. Bg1 g5 39. fxg5 hxg5 40. Bf2 Qg4+ 41. Kh2 Be4 {[%csl Ge4][%cal Rg4g2]} 42. Bg3 Qe2+ 43. Kh3 Qh5+ 44. Bh4 Qxh4# {Accuracy: White = 61%, Black = 61%.} 0-1

[Event "Stay Safe Play From Home 299"]
[Site "Emanuel Lasker Arena"]
[Date "2020.07.13"]
[Round "4"]
[White "Greblha"]
[Black "NeatFox"]
[Result "1/2-1/2"]
[WhiteElo "1886"]
[BlackElo "1827"]
[Annotator "NA RC"]
[PlyCount "81"]
[EventDate "2020.07.13"]
[EventType "swiss (blitz)"]

1. e4 {[%emt 0:00:00]} b6 {[%emt 0:00:00]} 2. d4 {[%emt 0:00:02]} Bb7 {[%emt 0:00:00]} 3. Nc3 {[%emt 0:00:01]} Nf6 {[%emt 0:00:01]} 4. Bd3 {[%emt 0:00:01]} d6 {[%emt 0:00:01]} 5. Nge2 {[%emt 0:00:01]} e5 {[%emt 0:00:00]} 6. dxe5 {[%emt 0:00:02]} dxe5 {[%emt 0:00:00]} 7. O-O {[%emt 0:00:01]} Nbd7 {[%emt 0:00:01]} 8. Bg5 {[%emt 0:00:01]} Bd6 {[%emt 0:00:00]} 9. Nd5 {[%emt 0:00:01]} O-O {[%emt 0:00:01]} 10. Nxf6+ {[%emt 0:00:01]} Nxf6 {[%emt 0:00:00]} 11. Nc3 {[%emt 0:00:02]} Be7 {[%emt 0:00:01]} 12. Qf3 {[%emt 0:00:01]} h6 {[%emt 0:00:01]} 13. Bxf6 {[%emt 0:00:01]} Bxf6 {[%emt 0:00:00]} 14. Rad1 {[%emt 0:00:01]} Qe7 {[%emt 0:00:01]} 15. Bc4 {[%emt 0:00:01]} Rae8 {[%emt 0:00:01]} 16. Nd5 {[%emt 0:00:01]} Bxd5 {[%emt 0:00:02]} 17. Bxd5 {[%emt 0:00:01]} Rd8 {[%emt 0:00:00]} 18. Bc6 {[%emt 0:00:01]} Rxd1 {[%emt 0:00:02]} 19. Rxd1 {[%emt 0:00:01]} Rd8 {[%emt 0:00:00]} 20. Rd3 {[%emt 0:00:01]} Rxd3 {[%emt 0:00:01]} 21. Qxd3 {[%emt 0:00:01]} Qd6 {[%emt 0:00:00]} 22. Qxd6 {[%emt 0:00:01]} cxd6 {[%emt 0:00:00]} 23. Kf1 {[%emt 0:00:01]} Bg5 {[%emt 0:00:01]} 24. Ke2 {[%emt 0:00:01]} Bc1 {[%emt 0:00:00]} 25. b3 {[%emt 0:00:01]} Bb2 {[%emt 0:00:00]} 26. Kd3 {[%emt 0:00:01]} Bd4 {[%emt 0:00:00]} 27. Kc4 {[%emt 0:00:01]} Bxf2 {[%emt 0:00:01]} 28. Kd5 {[%emt 0:00:01]} Bc5 {[%emt 0:00:01]} 29. c3 {[%emt 0:00:00]} a5 {[%emt 0:00:01]} 30. Bd7 {[%emt 0:00:03]} f6 {[%emt 0:00:01]} 31. a4 {[%emt 0:00:01]} Kf7 {[%emt 0:00:02]} 32. c4 {[%emt 0:00:01]} Ke7 {[%emt 0:00:01]} 33. Bc8 {[%emt 0:00:01]} Kd8 {[%emt 0:00:01]} 34. Bf5 {[%emt 0:00:02]} Ke7 {[%emt 0:00:00]} 35. h4 {[%emt 0:00:01]} Bb4 {[%emt 0:00:03]} 36. h5 {[%emt 0:00:01]} Bc5 {[%emt 0:00:01]} 37. g4 {[%emt 0:00:01]} Bd4 {[%emt 0:00:03]} 38. Bg6 {[%emt 0:00:02]} Bc5 {[%emt 0:00:01]} 39. Bf5 {[%emt 0:00:01]} Bd4 {[%emt 0:00:01]} 40. Bg6 {[%emt 0:00:00]} Bc5 {[%emt 0:00:01]} 41. Bf5 {[%emt 0:00:00] (Lag: Av=0.49s, max=1.2s)} 1/2-1/2

[Event "Stay Safe Play From Home 299"]
[Site "Emanuel Lasker Arena"]
[Date "2020.07.13"]
[Round "4"]
[White "Justwatch"]
[Black "Sfantul321"]
[Result "1-0"]
[WhiteElo "1642"]
[BlackElo "1988"]
[Annotator "NA RC"]
[PlyCount "45"]
[EventDate "2020.07.13"]
[EventType "swiss (blitz)"]

1. e4 {[%emt 0:00:02]} g6 {[%emt 0:00:00]} 2. Nf3 {[%emt 0:00:00]} Bg7 {[%emt 0:00:00]} 3. Nc3 {[%emt 0:00:00]} d6 {[%emt 0:00:00]} 4. g3 {[%emt 0:00:00]} Nf6 {[%emt 0:00:00]} 5. Bg2 {[%emt 0:00:00]} O-O {[%emt 0:00:00]} 6. d3 {[%emt 0:00:00]} c5 {[%emt 0:00:00]} 7. O-O {[%emt 0:00:00]} Nc6 {[%emt 0:00:00]} 8. Bd2 {[%emt 0:00:00]} Bg4 {[%emt 0:00:01]} 9. Qc1 {[%emt 0:00:01]} Qc8 {[%emt 0:00:01]} 10. h3 {[%emt 0:00:01]} Bxh3 {[%emt 0:00:01]} 11. Bh6 {[%emt 0:00:01]} Bxg2 {[%emt 0:00:01]} 12. Kxg2 {[%emt 0:00:00]} Nb4 {[%emt 0:00:02]} 13. Bxg7 {[%emt 0:00:01]} Kxg7 {[%emt 0:00:01]} 14. a3 {[%emt 0:00:00]} Nc6 {[%emt 0:00:01]} 15. Rh1 {[%emt 0:00:00]} e5 {[%emt 0:00:01]} 16. Qh6+ {[%emt 0:00:01]} Kg8 {[%emt 0:00:01]} 17. Ng5 {[%emt 0:00:00]} Re8 {[%emt 0:00:04]} 18. Nxh7 {[%emt 0:00:01]} Nxh7 {[%emt 0:00:01]} 19. Qxh7+ {[%emt 0:00:01]} Kf8 {[%emt 0:00:00]} 20. Nd5 {[%emt 0:00:01]} f5 {[%emt 0:00:08]} 21. Qh8+ {[%emt 0:00:04]} Kf7 {[%emt 0:00:01]} 22. Rh7+ {[%emt 0:00:00]} Ke6 {[%emt 0:00:01]} 23. Qf6# {[%emt 0:00:01] (Lag: Av=0.34s, max=0.4s)} 1-0

[Event "Stay Safe Play From Home 299"]
[Site "Emanuel Lasker Arena"]
[Date "2020.07.13"]
[Round "4"]
[White "Trotsky"]
[Black "Bardellosport"]
[Result "0-1"]
[WhiteElo "1606"]
[BlackElo "2050"]
[Annotator "TA"]
[PlyCount "68"]
[EventDate "2020.07.13"]
[EventType "swiss (blitz)"]

{[%evp 9,68,-52,-54,-60,0,-38,19,-400,16,13,33,-33,-27,-28,-22,-44,-41,-47,-37,-78,0,-29,25,27,111,127,196,189,166,172,181,187,795,777,945,0,54,-9,52,45,946,0,303,-983,-500,-672,-503,-519,-507,-481,-407,-431,-395,-712,-640,-808,-738,-818,-663,-768,-768]} 1. d4 d6 2. e3 g6 3. c4 Bg7 4. Nc3 c5 {[#]} 5. Bd3 $146 ({Predecessor:} 5. h3 Nc6 6. Nf3 e6 7. Be2 Nge7 8. O-O cxd4 9. exd4 Nf5 10. Bg5 Qb6 11. d5 Ncd4 12. Nxd4 Nxd4 13. dxe6 Bxe6 14. Be3 Nxe2+ 15. Qxe2 {1-0 (25) Hou,Y (2629)-Stefanova,A (2488) Lopota 2014}) 5... cxd4 6. exd4 {A41: 1 d4 d6: Tartakower System and Modern Defence.} Nc6 (6... Bxd4 $15 7. Nf3 Bxc3+ 8. bxc3 Nf6) 7. Be3 (7. d5 $5 {[%cal Rd5c6]} Ne5 8. Be2 $11) 7... e5 (7... Nxd4 $15 8. Bxg6 hxg6 9. Bxd4 Nf6) 8. a3 $2 {[%mdl 8192]} (8. d5 $11 Nd4 9. Nge2) 8... f5 $2 (8... exd4 $19 9. Bxd4 Nxd4) 9. d5 $11 Nd4 10. Nf3 (10. Bxd4 $14 exd4 11. Nce2) 10... Nxf3+ $1 $15 11. gxf3 Nf6 12. Qc2 O-O 13. O-O-O a6 14. h4 Qe7 (14... b5 $17 15. cxb5 axb5 16. Bxb5 f4) 15. Rdg1 e4 ({Better is} 15... Nh5) 16. fxe4 $11 fxe4 (16... b5 $1 $11 {remains equal.}) 17. Nxe4 $16 ({Don't play} 17. Bxe4 $6 Nxe4 18. Qxe4 (18. Nxe4 Qe5 $11) 18... Qc7 $11) 17... Nxe4 (17... Nh5 $16) 18. Bxe4 $18 Bf5 19. Bxf5 Rxf5 {[#]} 20. h5 $1 {[%cal Rh5g6][%mdl 512]} Rxh5 $2 (20... Re5 21. hxg6 h5) 21. Rxh5 gxh5 22. Rh1 $2 (22. Bd4 $18) 22... Qf7 ({Black should play} 22... h4 $11) 23. f4 (23. Qe2 $14) 23... Qg6 (23... Re8 $11 24. Bd2 Qg6) 24. f5 Qg4 $2 {[%mdl 8192]} (24... Qf6 $14) 25. Qd3 $2 (25. Rg1 $18) 25... Re8 $2 {[%mdl 8192]} (25... Qg2 $11 {and Black is okay.} 26. Rxh5 Qxb2+ 27. Kd1 Bf6) 26. Bd4 $4 {[%mdl 8192]} (26. Rg1 $18 Qe4 27. Qxe4 Rxe4 28. f6 {[%mdl 64] Pin} Rxc4+ 29. Kd2) 26... Qf4+ 27. Kc2 {[#] Strongly threatening Rg1.} Qxd4 28. Qxd4 Bxd4 29. Rxh5 $19 {[%mdl 4096] Endgame KRB-KR} Kg7 30. Rg5+ Kf6 31. Rg2 $2 (31. Rh5) 31... Kxf5 {Black is clearly winning.} 32. Kb3 Re3+ 33. Ka4 Kf4 34. b4 Rh3 {Accuracy: White = 31%, Black = 25%.} 0-1

[Event "Stay Safe Play From Home 299"]
[Site "Emanuel Lasker Arena"]
[Date "2020.07.13"]
[Round "5"]
[White "Broken sword"]
[Black "Mepe_Nika"]
[Result "0-1"]
[WhiteElo "2424"]
[BlackElo "2401"]
[Annotator "TA"]
[PlyCount "52"]
[EventDate "2020.07.13"]
[EventType "swiss (blitz)"]

{[%evp 10,51,15,16,10,6,14,0,15,-12,0,-17,-10,-20,0,2,16,-20,-16,-17,-8,-27,-12,-31,-28,-16,-14,-44,-16,-83,-83,-66,0,0,132,120,93,98,427,412,387,-29998,-29999,-29999]} 1. e4 e5 2. Nf3 Nc6 3. Bb5 Nf6 4. Nc3 Nd4 5. O-O Nxb5 6. Nxb5 d6 {C48: Four Knights: 4 Bb5, replies other than 4...Bb4.} 7. Nc3 Be7 8. h3 O-O {The position is equal.} 9. d3 c6 10. Bg5 h6 {[#]} 11. Bh4 $146 ({Predecessor:} 11. Bxf6 Bxf6 12. Nh2 g6 13. Rb1 Bg7 14. Ne2 f5 15. exf5 gxf5 16. f4 e4 17. d4 {0-1 (58) Kabai,Z (1851)-Ihionvien,C (2016) Hungary 2006}) 11... Be6 12. Re1 Re8 13. Qe2 b5 14. a3 a5 15. Qd2 b4 16. Ne2 Qb6 17. axb4 axb4 18. b3 Ra3 19. Rac1 (19. Bxf6 $11 {remains equal.} Bxf6 20. Rab1) 19... Ra2 20. Ng3 Bxb3 ({Black should try} 20... c5 $15 21. Bxf6 Bxf6) 21. Nf5 $11 Be6 (21... Kh7 $11) 22. Nxe7+ $16 Rxe7 23. Bxf6 $1 gxf6 $2 {[%mdl 8192]} (23... Rd7 $16) 24. Qxh6 $18 {aiming for Re3.} b3 25. cxb3 $4 {[%mdl 8192]} ({Not} 25. Qxf6 Rb7 $18) (25. Re3 $18 b2 {[#]} 26. Rb1 $1 {[%mdl 512]}) 25... Qxf2+ {[%mdl 64] [#] Double Attack} 26. Kh1 Qxg2# {Accuracy: White = 62%, Black = 69%.} 0-1